Ciudades binarias colombo-venezolanas (Registro nro. 195)
[ vista simple ]
| 000 -CABECERA | |
|---|---|
| Campo de control | 00804nam a2200241 a 4500 |
| 005 - FECHA Y HORA DE LA ULTIMA TRANSACCION | |
| Campo de control | 20160113014146.0 |
| 008 - ELEMENTOS DE LONGITUD FIJA—INFORMACION GENERAL | |
| Campo de control | 140219b1997 ck ||||| |||| 00| 0 spa d |
| 020 ## - ISBN | |
| ISBN | 9589477178 |
| 040 ## - FUENTE DE CATALOGACIÓN | |
| Agencia catalogadora original | CO-BoIAVH |
| Agencia transcriptora | CO-BoIAVH |
| 041 ## - IDIOMA | |
| Código de idioma para texto/pista de sonido o título separado | Español |
| 044 ## - PAÍS DE PUBLICACIÓN | |
| País de publicación | Colombia |
| 082 ## - NUMERO DE CLASIFICACION DECIMAL DEWEY | |
| Número de clasificación | 320.12 |
| Número del ítem | C82c |
| 110 2# - ASIENTO PRINCIPAL--NOMBRE CORPORATIVO | |
| Unidad subordinad | Corpes Orinoquia |
| 9 (RLIN) | 6860 |
| 245 10 - MENCION DE TITULO | |
| Título | Ciudades binarias colombo-venezolanas |
| 260 ## - PUBLICACION, DISTRIBUCION, ETC. (PIE DE IMPRENTA) | |
| Lugar de publicación, distribución, etc. | Bogotá: |
| Nombre del editor, distribuidor, etc. | Corpes Orinoquia, |
| Fecha de publicación, distribución, etc. | 1997. |
| 300 ## - DESCRIPCION FISICA | |
| Extensión | 45 páginas |
| 650 1# - ASIENTO SECUNDARIO DE MATERIA - TERMINO TEMATICO | |
| Término temático o nombre geográfico como elemento de entrada | Fronteras geográficas |
| Subdivisión geográfica | Orinoquia (Región) |
| 9 (RLIN) | 50081 |
| 650 1# - ASIENTO SECUNDARIO DE MATERIA - TERMINO TEMATICO | |
| Término temático o nombre geográfico como elemento de entrada | Greopolítica |
| Subdivisión geográfica | Orinoquia (Región) |
| -- | Colombia |
| 9 (RLIN) | 50082 |
| 650 1# - ASIENTO SECUNDARIO DE MATERIA - TERMINO TEMATICO | |
| Término temático o nombre geográfico como elemento de entrada | Greopolítica |
| Subdivisión geográfica | Orinoquia (Región) |
| -- | Venezuela |
| 9 (RLIN) | 50083 |
| 650 14 - ASIENTO SECUNDARIO DE MATERIA - TERMINO TEMATICO | |
| Término temático o nombre geográfico como elemento de entrada | Desarrollo rural |
| Subdivisión geográfica | Orinoquia (Región) |
| 9 (RLIN) | 50084 |
| 650 14 - ASIENTO SECUNDARIO DE MATERIA - TERMINO TEMATICO | |
| Término temático o nombre geográfico como elemento de entrada | Cooperación internacional |
| Subdivisión geográfica | Orinoquia (Región) |
| 9 (RLIN) | 50085 |
| 942 ## - ELEMENTOS ADICIONALES (KOHA) | |
| Tipo de ítem | Folleto |
| Sistema de clasificación | Dewey Decimal Classification |
| Withdrawn status | Lost status | Sistema de Clasificación | Damaged status | No para préstamo | Colección | Inventariado | Ubicación Permanente | Ubicación actual | Fecha de adquisición | Total Checkouts | Número topográfico | Inventario / Código de Barras | Date last seen | Ejemplar | Price effective from | Forma de adquisición | Tipo de material |
|---|---|---|---|---|---|---|---|---|---|---|---|---|---|---|---|---|---|
| Dewey Decimal Classification | General | Inventariado 2017 | Sala Fabio Quevedo | Sala Fabio Quevedo | 23/12/1997 | LB-320.12 C82c | 006425 | 04/12/2012 | Ej. 1 | 04/12/2012 | Folleto |